Départements avec le mot "et" - Statistiques

Statistiques générales
  • Ce quiz a été pris 67 fois
  • Le résultat moyen est 14 sur 16
Statistiques - réponses
Réponse % Correct
Cher
98%
Loir
98%
Loire
97%
Garonne
95%
Tarn
95%
Lot
94%
Maine
94%
Marne
94%
Seine
94%
Eure
88%
Saône
86%
Ille
83%
Vilaine
83%
Moselle
81%
Indre
80%
Meurthe
80%
Aucun quiz correspondant
Distribution des résultats
% des personnes avec chaque résultat
Percentile par nombre de réponses
Votre historique - résultats
Vous n’avez pas pris ce quiz